000 02082nam a22004697a 4500
003 CHAP
005 20220329140804.0
008 971013s1980 r 00010 d
010 _a57612
011 _a58584
035 _a62739
040 _cCHAP
082 0 0 _a603
_bD52
245 0 0 _aDiccionario enciclopédico de términos técnicos
_b: inglés - español, español - inglés
260 _aNew York :
_bMcGraw-Hill,
_c1980
300 _a3 v.
590 _aBATCH-UPD
_b10
_c20130110
_lUCH01
_h1914
590 _aBATCH-UPD
_b10
_c20130410
_lUCH01
_h1240
590 _aBATCH-UPD
_b10
_c20130914
_lUCH01
_h0936
590 _aCONVERSION
_b10
_c20130109
_lUCH01
_h1331
650 1 4 _aCiencia
_xDiccionarios.
_923114
650 1 4 _aEspañol
_xDiccionarios
_xInglés.
_937729
650 1 4 _aTecnología
_xDiccionarios.
_9111942
700 0 _aCollazo, Javier L.
_925213
901 _aBK
942 _cLIBRO
949 _a603 D52
_bBC
_cC
_d33724000526653
_eC
_fv.2
_h49156
_i62739
_si
949 _a603 D52
_bBC
_cC
_d33724000526745
_eC
_fv.1 c.3
_h49155
_i62739
_si
949 _a603 D52
_bBC
_cC
_d33724000526752
_eC
_fv.2 c.3
_h49158
_i62739
_si
949 _a603 D52
_bBC
_cC
_d33724000526760
_eC
_fv.3 c.2
_h78160
_i62739
_si
949 _a603 D52
_bBC
_cC
_d33724000526778
_eC
_fv.3
_h78159
_i62739
_si
949 _a603 D52
_bBC
_cC
_d33724000526786
_eC
_fv.1 c.4
_h78178
_i62739
_si
949 _a603 D52
_bBC
_cC
_d33724000526794
_eC
_fv.3 c.3
_h78161
_i62739
_si
949 _a603 D52
_bBC
_cC
_d33724000526802
_eC
_fv.2 c.2
_h49157
_i62739
_si
949 _a603 D52
_bBC
_cC
_d33724000526810
_eC
_fv.1 c.2
_h49154
_i62739
_si
949 _a603 D52
_bBC
_cC
_d33724000526828
_eC
_fv.2 c.4
_h78179
_i62739
_si
949 _a603 D52
_bBC
_cC
_d33724000526836
_eC
_fv.3 c.4
_h78180
_i62739
_si
949 _a603 D52
_bBC
_cC
_d33724000526844
_eC
_fv.1
_h49153
_i62739
_si
949 _a603 D52
_bBC
_cC
_d33724000837688
_eC
_fv.3 c.5
_gDonaciØn CONASUPO
_h100853
_i62739
_sb
949 _a603 D52
_bBC
_cC
_d33724000837738
_eC
_fv.2 c.5
_gDonaciØn CONASUPO
_h100852
_i62739
_sb
949 _a603 D52
_bBC
_cC
_d33724000837787
_eC
_fv.1 c.5
_gDonaciØn CONASUPO
_h100851
_i62739
_sb
999 _c57612
_d57612